000 00362nam a2200133Ia 4500
005 20260326235503.0
008 260326s9999||||xx |||||||||||||| ||und||
100 _aUniversidad Pontificia Bolivariana
245 0 _aAntonio Mesa :
_b Vida y Obra /
_cUniversidad Pontificia Bolivariana
260 _bColina
300 _a160 p.
650 _aARQUITECTOS
942 _cBK
999 _c8101
_d8101